| 000 | 01242nam a22002657a 4500 | ||
|---|---|---|---|
| 005 | 20101206113148.0 | ||
| 008 | 101206t xxu||||| |||| 00| 0 hin d | ||
| 010 | _aHIN-91546 | ||
| 020 |
_c500.00 _a9788173094767 |
||
| 035 | _aHN-63892 | ||
| 037 | _bDBAD/PUB | ||
| 040 |
_aDPL _bHN |
||
| 082 | _aउ | ||
| 100 |
_924598 _aरामनुण्णी, के.पी. |
||
| 245 |
_aज़िंदगी की किताब / _cके.पी.रामनुण्णी; पी.के.राधामणि द्वारा अनुदित |
||
| 246 |
_aZindgi ki Kitab _bby K.P. Ramnunni |
||
| 260 |
_aनई दिल्ली _bसस्ता साहित्य मण्डल _c2010 |
||
| 270 |
_aएन-77, पहली मंजिल, कनॉट सर्कस _bनई दिल्ली _e110001 |
||
| 300 |
_a407पृ _c22सेमी (सजिल्द) |
||
| 650 |
_91169 _aहिन्दी कथा साहित्य |
||
| 700 |
_924599 _aराधामणि, पी.के. |
||
| 700 | _925390 | ||
| 942 |
_2ddc _cHN _mरामनु _hउ |
||
| 999 |
_c49970 _d49970 |
||